Morfologia dentaria (Registro nro. 6978)

Detalles MARC
000 -Cabecera
Campo de control de longitud fija 00959aam a2200349 4500
005 - Fecha y hora de la última transacción
Campo de control 20251030193932.0
008 - Elementos de longitud fija--Información general
Campo de control de longitud fija 150729b1988 xxu||||| |||| 00| 0 spa d
020 ## - International Standard Book Number
Número Internacional Estándar del Libro (ISBN) 8475922260
041 ## - Idioma
Código de idioma Español
082 ## - Clasificación Decimal Dewey
Número de clasificación 611.314 C284m
100 ## - Entrada principal--Autor personal
Nombre personal Carlsen, Ole
9 (RLIN) 39430
245 ## - Título propiamente dicho
Título Morfologia dentaria
260 ## - Pie de imprenta
Lugar de publicación, distribución, etc. España
260 ## - Pie de imprenta
Nombre del editor, distribuidor, etc. Doyma
260 ## - Pie de imprenta
Fecha de publicación, distribución, etc. 1988
300 ## - Descripción física
Extensión 181 páginas
300 ## - Descripción física
Otras características físicas Ilustraciones a blanco y negro
490 ## - Serie
Título de la Serie Mecánica Dental
650 ## - Materia general
Temática (materia general) ANATOMÍA DENTAL
650 ## - Materia general
Temática (materia general) MORFOLOGÍA DENTARIA
650 ## - Materia general
Temática (materia general) INCISIVOS PERMANENTES SUPERIORES
650 ## - Materia general
Temática (materia general) INCISIVOS PERMANENTES INFERIORES
650 ## - Materia general
Temática (materia general) CANINOS PERMANENTES
650 ## - Materia general
Temática (materia general) PREMOLARES SUPERIORES
650 ## - Materia general
Temática (materia general) PREMOLARES INFERIORES
650 ## - Materia general
Temática (materia general) PRIMER MOLAR
650 ## - Materia general
Temática (materia general) MOLARES SUPERIORES
650 ## - Materia general
Temática (materia general) INCISIVOS SUPERIORES TEMPORALES
650 ## - Materia general
Temática (materia general) INCISIVOS INFERIORES TEMPORALES
650 ## - Materia general
Temática (materia general) CANINOS TEMPORALES
942 ## - Punto de acceso adicional KOHA
Tipo de ítem KOHA Libro
Fuente del sistema de clasificación o colocación Dewey Decimal Classification
Existencias
Signatura completa Código de barras Programa Académico Tipo de ítem
611.314 C284m 12090 Mecánica Dental Libro